Southville International School and Colleges
Your cart is empty.
  • Cart
  • Lists
    Public lists Eva Luna New books Lux_list list_1
    Your lists Log in to create your own lists
  • Log in to your account
  • Your cookies
  • Search history
Southville International School and Colleges
  • Advanced search
  • Recent comments
  • Most popular
  • Libraries

Log in to your account

Log in with GOOGLE


If you do not have an external account, but do have a local account, you can still log in:

  1. Home
  2. MARC view: Affairs of state /
Normal view MARC view ISBD view

Affairs of state / (Record no. 11138)

[ view plain ]
MARC details
000 -LEADER
fixed length control field 00820nam a2200265 a 4500
001 - CONTROL NUMBER
control field 3532892
003 - CONTROL NUMBER IDENTIFIER
control field OSt
005 - DATE AND TIME OF LATEST TRANSACTION
control field 20140310182241.0
008 - FIXED-LENGTH DATA ELEMENTS--GENERAL INFORMATION
fixed length control field 960528r19961995enk 000 1 eng
010 ## - LIBRARY OF CONGRESS CONTROL NUMBER
LC control number 96153236
020 ## - INTERNATIONAL STANDARD BOOK NUMBER
International Standard Book Number 0552996254
035 ## - SYSTEM CONTROL NUMBER
System control number (Uk)0552996254
Canceled/invalid control number (Uk)c899381978
035 ## - SYSTEM CONTROL NUMBER
System control number (CStRLIN)UKBPGB9639019-B
040 ## - CATALOGING SOURCE
Original cataloging agency DLC
Transcribing agency DLC
050 00 - LIBRARY OF CONGRESS CALL NUMBER
Classification number PR 6069.T52
Item number .St864 1996
082 00 - DEWEY DECIMAL CLASSIFICATION NUMBER
Classification number FIC
Item number St6 1995
100 1# - MAIN ENTRY--PERSONAL NAME
Personal name Stockdale, F. M.
Fuller form of name (Freddie M.)
9 (RLIN) 19075
245 10 - TITLE STATEMENT
Title Affairs of state /
Statement of responsibility, etc Freddie Stockdale.
260 ## - PUBLICATION, DISTRIBUTION, ETC. (IMPRINT)
Place of publication, distribution, etc London :
Name of publisher, distributor, etc Black Swan,
Date of publication, distribution, etc 1996.
300 ## - PHYSICAL DESCRIPTION
Extent 254 p. :
Dimensions 20 cm.
906 ## - LOCAL DATA ELEMENT F, LDF (RLIN)
a 7
b cbc
c orignew
d 3
e ncip
f 19
g y-gencatlg
942 ## - ADDED ENTRY ELEMENTS (KOHA)
Source of classification or shelving scheme Library of Congress Classification
Koha item type
Holdings
Withdrawn status Lost status Source of classification or shelving scheme Damaged status Home library Current library Shelving location Date acquired Total Checkouts Full call number Barcode Date last seen Copy number Price effective from Koha item type
    Library of Congress Classification   Luxembourg Library Luxembourg Library Fiction Section 09/13/2013   PR 6069.T52 .St864 1996 18231 09/13/2013 1 09/13/2013 Books

Affairs of state /

APA

Stockdale F. M., . (1996). Affairs of state. London: Black Swan.

Chicago

Stockdale F M, . 1996. Affairs of state. London: Black Swan.

Harvard

Stockdale F. M., . (1996). Affairs of state. London: Black Swan.

MLA

Stockdale F M, . Affairs of state. London: Black Swan. 1996.

  • Place hold
  • Print
  • Cite
  • Add to your cart (remove)
  • Save record
    BIBTEX Dublin Core MARCXML MARC (non-Unicode/MARC-8) MARC (Unicode/UTF-8) MARC (Unicode/UTF-8, Standard) MODS (XML) RIS
  • More searches
    Search for this title in:
    Other Libraries (WorldCat) Other Databases (Google Scholar) Online Stores (Bookfinder.com) Open Library (openlibrary.org)

Exporting to Dublin Core...

SOUTHVILLE LIBRARY

Southville International School and Colleges Library

1281 Tropical Ave. Cor. Luxembourg St., BF Homes International, Las Pinas City

Tel. No. 8256374 / 252358 Loc. 117/146

Powered by Koha